| 000 | 00843nam a2200205Ia 4500 | ||
|---|---|---|---|
| 001 | 7946 | ||
| 003 | GE_BSU | ||
| 008 | 181216s||||||||xx |||||||||||||| ||und|| | ||
| 040 | _cGE_BSU | ||
| 080 | _a808.2.161.1(076) | ||
| 100 | _aКаухчишвили,Л. Варшаломидзе,М. | ||
| 245 | _aУчебное пособие по практическому курсу русского языка для студентов политехнического института. | ||
| 245 | _cРЕд. М.Кипиани. | ||
| 260 | _aТб. | ||
| 260 | _bГанатлеба. | ||
| 260 | _c1978. | ||
| 300 | _a265 стр. 22 см. | ||
| 653 | _aУчебное пособие по практическому курсу русского языка для студентов политехнического института. | ||
| 942 | _cBK | ||
| 999 |
_c41289 _d41289 |
||